000 007280000a22002170004500
003 LK-CoMWRAF
008 230817t1989 ||||| |||| 00| 0 eng d
020 _a9556070044
040 _aLK-CoMWRAF
_dLK-CoMWRAF
_eLK-CoMWRAF
041 _aeng
082 _a331.88
_bTRA
111 _aSEMINAR ON 'TRADE UNIONS AND SAARC'
_c( Colombo, Sri Lanka Foundation
_d10th - 14th October 1989)
245 _aTrade Unions and SAARC
260 _aColombo:
_bFriedrich-Ebert-Stiftung:
_c1989
300 _a127 p. ; 23 cm.
650 _aSouth Asian Association for Regional Cooperation--Congresses
650 _aLabor unions--South Asia
650 _aSouth Asia--Social conditions
650 _a South Asia--Economic conditions
942 _cCP
999 _c2044
_d2044